[Event "It (open)"]
[Site "masterchessopen.com San Sebastian (Spain)"]
[Date "2005.10.02"]
[Round "7"]
[White "Ladron De Guevara Fco Javier (ESP)"]
[Black "Sanz Perez Eduardo (ESP)"]
[Result "0-1"]
[WhiteElo "2120"]
[BlackElo "2174"]

1.d4 e6 2.c4 Nf6 3.Nf3 Bb4+ 4.Bd2 a5 5.g3 d5 6.Bg2 dxc4 7.O-O c5 8.dxc5 O-O
9.Qc2 Bxc5 10.Qxc4 Nbd7 11.Nc3 b6 12.Qh4 Bb7 13.Rfd1 h6 14.Rac1 Rc8 15.Qh3 b5
16.a4 b4 17.Nb5 Qb6 18.Be1 Ne4 19.e3 Bxe3 20.Rxc8 Bxf2+ 21.Kf1 Bxc8 22.Nfd4
Ng5 23.Qh4 Bxe1 24.Rxe1 Bb7 {#R} 0-1

[Event "It (open)"]
[Site "masterchessopen.com Hamburg (Germany)"]
[Date "2005.10.04"]
[Round "4"]
[White "Ftacnik Lubomir (SVK)"]
[Black "Zieher Hartmut (GER)"]
[Result "1-0"]
[WhiteElo "2612"]
[BlackElo "2217"]

1.c4 Nf6 2.Nf3 e6 3.d4 Bb4+ 4.Nbd2 b6 5.a3 Bxd2+ 6.Bxd2 Bb7 7.g3 O-O 8.Bg2 d6
9.O-O Nbd7 10.Re1 h6 11.b4 c5 12.Bf4 Ne8 13.dxc5 e5 14.Nxe5 dxe5 15.Bxb7 Rb8
16.c6 exf4 17.Qxd7 fxg3 18.hxg3 Qg5 19.Qd5 Qg4 20.Rad1 Nf6 21.Rd4 {#r} 1-0

[Event "Czech League 2005/06 (2nd) (c)"]
[Site "masterchessopen.com Czech Republic"]
[Date "2005.10.16"]
[Round "1"]
[White "Nyvlt Otto (CZE)"]
[Black "Voboril Pavel (CZE)"]
[Result "1-0"]
[WhiteElo "2006"]
[BlackElo "2101"]

1.d4 Nf6 2.c4 e6 3.Nf3 Bb4+ 4.Bd2 a5 5.e3 O-O 6.Bd3 c5 7.O-O d5 8.Bxb4 axb4
9.dxc5 Na6 10.Nbd2 Nxc5 11.Be2 Re8 12.Qc2 b6 13.Ne5 Qd6 14.Ndf3 Nfd7 15.Nd3
dxc4 16.Nxc5 Qxc5 17.Bxc4 Ba6 18.Rfc1 Rec8 19.Qd2 Bxc4 20.Qxd7 Qd5 21.Qe7 Qc5
22.Qh4 Qb5 23.Rd1 Rxa2 24.Rd8+ {#r} 1-0

[Event "It (open) \"]
[Site "masterchessopen.com Omis (Croatia)"]
[Date "2005.10.16"]
[Round "9"]
[White "Zimmerman Yuri (ISR)"]
[Black "Babic Drasko (SRB)"]
[Result "1-0"]
[WhiteElo "2391"]
[BlackElo "2316"]

1.d4 Nf6 2.c4 e6 3.Nf3 Bb4+ 4.Bd2 a5 5.Qc2 d5 6.a3 Bxd2+ 7.Nbxd2 O-O 8.g3 b6
9.Bg2 Ba6 10.O-O Nc6 11.Rfe1 {#r} 1-0

[Event "It (open)"]
[Site "masterchessopen.com Bad Wildbad (Germany)"]
[Date "2005.10.21"]
[Round "1"]
[White "Schork Stefan (GER)"]
[Black "Bauer Dieter (GER)"]
[Result "1-0"]
[WhiteElo "2181"]
[BlackElo "1908"]

1.d4 Nf6 2.c4 e6 3.Nf3 Bb4+ 4.Bd2 Qe7 5.g3 Nc6 6.Bg2 O-O 7.O-O Bxd2 8.Qxd2 d6
9.d5 Nb8 10.dxe6 Qxe6 11.Nd4 Qe7 12.Nc3 a5 13.a3 Na6 14.b4 axb4 15.axb4 Rb8
16.Rxa6 Ne4 {#r} 1-0

[Event "Ch Slovenia (team) (1 liga) East"]
[Site "masterchessopen.com Slovenia"]
[Date "2005.10.21"]
[Round "2"]
[White "Kostanjevec Tomaz (SLO)"]
[Black "Gerencer Jozef (SLO)"]
[Result "1-0"]
[WhiteElo "2116"]
[BlackElo "2128"]

1.Nf3 Nf6 2.d4 e6 3.c4 Bb4+ 4.Bd2 Bxd2+ 5.Nbxd2 d5 6.e3 O-O 7.Bd3 Nbd7 8.O-O
b6 9.Rc1 c5 10.Ne5 Nxe5 11.dxe5 Nd7 12.f4 f5 13.exf6 Rxf6 14.cxd5 exd5 15.Qh5
Nf8 16.Rf3 Be6 17.Rg3 Rh6 {#r} 1-0

[Event "Ch SCG (team) (First League) (w)"]
[Site "masterchessopen.com Vrnjacka Banja (Serbia)"]
[Date "2005.10.23"]
[Round "7"]
[White "Kizova Sava (SRB)"]
[Black "Zivkovic Vesna (SRB)"]
[Result "1-0"]
[WhiteElo "2122"]
[BlackElo "2150"]

1.d4 Nf6 2.c4 e6 3.Nf3 Bb4+ 4.Nbd2 O-O 5.Qc2 d5 6.a3 Be7 7.e4 dxe4 8.Nxe4 Nc6
9.Bd3 Nxd4 10.Nxf6+ Bxf6 11.Nxd4 Qxd4 12.Bxh7+ Kh8 13.Be4 Rb8 14.O-O Qe5
15.Rb1 c5 16.b4 Qc7 17.Qe2 g6 18.Qf3 Be5 19.Bxg6 Bxh2+ 20.Kh1 Kg7 21.Bb2+ Be5
22.Qg3 Rh8+ 23.Bh7+ Kf6 24.Qf4+ {#r} 1-0

[Event "It (open)"]
[Site "masterchessopen.com Groningen (Netherlands)"]
[Round "3"]
[White "Belle Erika (NED)"]
[Black "Wielenga Wiebe (NED)"]
[Result "0-1"]
[WhiteElo "2014"]
[BlackElo "2161"]

1.c4 Nf6 2.Nf3 e6 3.d4 Bb4+ 4.Bd2 a5 5.Qc2 d5 6.a3 Be7 7.Nc3 c6 8.cxd5 exd5
9.Bg5 O-O 10.e3 Re8 11.Bd3 h6 12.Bh4 Nbd7 13.O-O Nf8 14.Ne5 Ng4 15.Bxe7 Qxe7
16.Nf3 Ne6 17.h3 Nf6 18.Na4 Nd7 19.Rac1 Ng5 20.Nxg5 Qxg5 21.Bh7+ {#R} 0-1

[Event "Bayern Landesliga South 2005/06"]
[Site "masterchessopen.com Bayern (Germany)"]
[Date "2005.12.11"]
[Round "4"]
[White "Schneider Stefan (SWE)"]
[Black "Straub Juergen (GER)"]
[Result "1-0"]
[WhiteElo "2317"]
[BlackElo "2230"]

1.d4 Nf6 2.c4 e6 3.Nf3 Bb4+ 4.Nbd2 b6 5.a3 Bxd2+ 6.Bxd2 Ne4 7.g3 Bb7 8.Bg2 O-O
9.Ng5 d5 10.Nxe4 dxe4 11.Bc3 Nd7 12.Qc2 f5 13.O-O Nf6 14.b4 a6 15.a4 b5
16.cxb5 axb5 17.axb5 Qd7 18.Ra5 Bd5 19.Bd2 Rfb8 20.Rfa1 Qxb5 21.Qxc7 Qxe2
22.Ra7 Ne8 23.Qf7+ {#r} 1-0

[Event "Memorial Otto Ibenfeldt (ELO)"]
[Site "masterchessopen.com Gausdal (Norway)"]
[Date "2006.01.23"]
[Round "9"]
[White "Bue Gunnar (NOR)"]
[Black "Thingstad Even (NOR)"]
[Result "0-1"]
[WhiteElo "1840"]
[BlackElo "1875"]

1.d4 e6 2.c4 Nf6 3.Nf3 Bb4+ 4.Bd2 Qe7 5.a3 Bxd2+ 6.Qxd2 O-O 7.Nc3 d6 8.e3 e5
9.dxe5 dxe5 10.Rd1 Bg4 11.Be2 Nbd7 12.O-O Rad8 13.Nd5 Nxd5 14.Qxd5 Nc5 15.Qxe5
Qxe5 16.Nxe5 Bxe2 17.Rxd8 Rxd8 {#R} 0-1

[Event "Tournament"]
[Site "masterchessopen.com London (England)"]
[Date "2006.03.04"]
[Round "3"]
[White "Harman Kenneth B (ENG)"]
[Black "Ross Chris (ENG)"]
[Result "0-1"]
[WhiteElo "2199"]
[BlackElo "2129"]

1.d4 e6 2.c4 Nf6 3.Nf3 Bb4+ 4.Bd2 Bxd2+ 5.Qxd2 d6 6.Nc3 Nbd7 7.g3 O-O 8.Bg2 e5
9.O-O Re8 10.e4 a5 11.b3 exd4 12.Nxd4 Nc5 13.Rfe1 Bd7 14.Rad1 Qb8 15.h3 Qa7
16.Ndb5 Bxb5 17.Nxb5 Qb6 18.Qd4 Re7 19.e5 dxe5 20.Rxe5 Rd7 21.Bd5 c6 22.Re6
Nxd5 23.cxd5 fxe6 {#R} 0-1

[Event "It (open)"]
[Site "masterchessopen.com Bad Woerishofen (Germany)"]
[Date "2006.03.17"]
[Round "1"]
[White "Ikonnikov Vyacheslav (RUS)"]
[Black "Ries Berthold (GER)"]
[Result "1-0"]
[WhiteElo "2587"]
[BlackElo "2067"]

1.d4 Nf6 2.Nf3 e6 3.c4 Bb4+ 4.Bd2 Qe7 5.g3 Nc6 6.Bg2 O-O 7.O-O Bxd2 8.Qxd2 d6
9.Nc3 e5 10.d5 Nb8 11.b4 a5 12.a3 b6 13.e4 Na6 14.Rab1 axb4 15.axb4 Bd7 16.Rb2
Nb8 17.Rc1 c6 18.Ra2 Rxa2 19.Qxa2 cxd5 20.cxd5 Rc8 21.Nd2 Qd8 22.Bf1 Rc7
23.Nc4 {#r} 1-0

[Event "Ch France (team) (nat.2) 2005/06"]
[Site "masterchessopen.com France"]
[Date "2006.04.02"]
[Round "11"]
[White "Sanchez Nicolas (FRA)"]
[Black "Timotic Nicolas (FRA)"]
[Result "0-1"]
[WhiteElo "2179"]
[BlackElo "2065"]

1.d4 Nf6 2.c4 e6 3.Nf3 Bb4+ 4.Nbd2 d5 5.a3 Be7 6.g3 O-O 7.Bg2 c5 8.cxd5 exd5
9.dxc5 Bxc5 10.b4 Bxf2+ 11.Kxf2 Ng4+ 12.Ke1 Qb6 13.e3 Nxe3 14.Qe2 Re8 {#R} 0-1

[Event "It (open)"]
[Site "masterchessopen.com San Sebastian (Spain)"]
[Date "2006.04.13"]
[Round "7"]
[White "Gomez Esteban Juan Mario (ESP)"]
[Black "Dobrev Nanko (BUL)"]
[Result "1-0"]
[WhiteElo "2486"]
[BlackElo "2429"]

1.d4 Nf6 2.c4 e6 3.Nf3 Bb4+ 4.Nbd2 d5 5.a3 Be7 6.Qc2 O-O 7.e4 dxc4 8.Bxc4 c5
9.dxc5 Bxc5 10.e5 Nfd7 11.Ne4 Be7 12.O-O h6 13.Bf4 Qc7 14.Qe2 Nb6 15.Ba2 Nd5
16.Bg3 b6 17.Nf6+ Bxf6 18.exf6 Qd8 19.fxg7 Kxg7 20.Bxb8 {#r} 1-0

[Event "Ch Romania (juniors) (under 16)"]
[Site "masterchessopen.com Predeal (Romania)"]
[Date "2006.04.18"]
[Round "8"]
[White "Georgescu Tiberiu (ROM)"]
[Black "Anton Teodor (ROM)"]
[Result "0-1"]
[WhiteElo "2211"]
[BlackElo "2181"]

1.d4 Nf6 2.c4 e6 3.Nf3 Bb4+ 4.Bd2 c5 5.g3 Qb6 6.a3 Bxd2+ 7.Qxd2 cxd4 8.Qxd4
Qxd4 9.Nxd4 Nc6 10.Nb5 Ke7 11.Nd2 a6 12.Nc3 d6 13.Bg2 Bd7 14.O-O Rac8 15.Rfd1
Na5 16.Nce4 Nxe4 17.Nxe4 Ba4 18.Rd3 Rhd8 19.Nd2 b5 20.Rc1 bxc4 {#R} 0-1

[Event "Memorial E.Geller (active)"]
[Site "masterchessopen.com Odessa (Ukraine)"]
[Date "2006.07.04"]
[Round "8"]
[White "Zhukova Natalia (UKR)"]
[Black "Eingorn Vereslav S (UKR)"]
[Result "0-1"]
[WhiteElo "2456"]
[BlackElo "2591"]

1.d4 Nf6 2.c4 e6 3.Nf3 Bb4+ 4.Nbd2 a5 5.a3 Bxd2+ 6.Qxd2 a4 7.Qc2 d6 8.e4 e5
9.c5 O-O 10.cxd6 cxd6 11.dxe5 dxe5 12.Be3 Nc6 13.Bc4 Bg4 14.Nd2 Nd4 15.Bxd4
Qxd4 16.h3 Bh5 17.Qc3 Rfd8 18.Qxd4 Rxd4 19.f3 Rad8 20.Rd1 Nxe4 21.g4 Nxd2
22.gxh5 Nxc4 {#R} 0-1

[Event "It"]
[Site "masterchessopen.com St. Lo (France)"]
[Date "2006.07.11"]
[Round "4"]
[White "David Vincent (FRA)"]
[Black "Marie Maxime (FRA)"]
[Result "1-0"]
[WhiteElo "2371"]
[BlackElo "2226"]

1.d4 Nf6 2.c4 e6 3.Nf3 Bb4+ 4.Bd2 a5 5.g3 d5 6.Bg2 dxc4 7.O-O b5 8.a4 c6
9.axb5 Bxd2 10.Nfxd2 Qxd4 11.bxc6 Nd5 12.Na3 Nxc6 13.Nb5 Qc5 14.Ne4 Qb6
15.Ned6+ Ke7 16.e4 Ndb4 17.Qh5 Nd4 18.Qxf7+ Kd8 19.Qxg7 Nxb5 20.Nxc4 {#r} 1-0

[Event "It (open)"]
[Site "masterchessopen.com Condom (France)"]
[Date "2006.07.12"]
[Round "6"]
[White "Vaillant Stephane (FRA)"]
[Black "Marciniak Gerard (FRA)"]
[Result "1-0"]
[WhiteElo "2053"]
[BlackElo "2141"]

1.d4 Nf6 2.Nf3 e6 3.c4 Bb4+ 4.Bd2 a5 5.g3 d5 6.cxd5 exd5 7.Bg2 Ne4 8.a3 Nxd2
9.Nbxd2 Bd6 10.O-O O-O 11.Nb3 Nd7 12.Qc2 Re8 13.e3 Nf6 14.Nc5 b6 15.Na4 Bd7
16.Rac1 Rc8 17.Qb3 Ne4 18.Nc3 Nxc3 19.Rxc3 Be6 20.Rc6 f6 21.Nd2 Bf8 22.Rxe6
Rxe6 23.Bxd5 {#r} 1-0

[Event "It (open)"]
[Site "masterchessopen.com Balaguer (Spain)"]
[Date "2006.07.18"]
[Round "2"]
[White "Sharma Dinesh K (IND)"]
[Black "Baklan Vladimir (UKR)"]
[Result "0-1"]
[WhiteElo "2356"]
[BlackElo "2622"]

1.d4 Nf6 2.c4 e6 3.Nf3 Bb4+ 4.Bd2 a5 5.g3 d5 6.cxd5 exd5 7.Bg2 O-O 8.O-O Re8
9.Bf4 Bf5 10.a3 Bd6 11.Nc3 Bxf4 12.gxf4 Ra6 13.Rc1 Ne4 14.Nxe4 dxe4 15.Ne5 Rh6
16.Qb3 Be6 17.Qe3 f6 18.Nc4 Qd5 19.Rc3 Nc6 20.Rd1 Qh5 21.h3 Ne7 22.Qd2 e3
23.Qxe3 Nd5 {#R} 0-1

[Event "Cup Independence (open)"]
[Site "masterchessopen.com Kiev (Ukraine)"]
[Date "2006.08.16"]
[Round "4"]
[White "Poluektov Yury (UKR)"]
[Black "Vdovichenko Vladislav (UKR)"]
[Result "1-0"]
[WhiteElo "2340"]
[BlackElo "2096"]

1.d4 e6 2.Nf3 Nf6 3.c4 Bb4+ 4.Bd2 Qe7 5.g3 Nc6 6.Bg2 Bxd2+ 7.Nbxd2 d6 8.O-O
O-O 9.e3 e5 10.d5 Nb8 11.b4 a5 12.a3 Na6 13.Qb1 Bd7 14.Qb2 axb4 15.axb4 b5
16.Ra5 Rfb8 17.Rfa1 Rb6 18.c5 dxc5 19.Nxe5 Qd6 20.bxc5 Qxc5 21.d6 Ra7 22.Ne4
Nxe4 23.Nxd7 Qxd6 24.Nxb6 {#r} 1-0

[Event "It (open) \"]
[Site "masterchessopen.com Rodatychi (Ukraine)"]
[Date "2006.08.28"]
[Round "3"]
[White "Roschupkin Volodymyr (UKR)"]
[Black "Melnichuk Mikhail (UKR)"]
[Result "0-1"]
[WhiteElo "1981"]
[BlackElo "2227"]

1.d4 Nf6 2.c4 e6 3.Nf3 Bb4+ 4.Bd2 Qe7 5.e3 O-O 6.Bd3 Bxd2+ 7.Qxd2 d6 8.Nc3 e5
9.Qc2 Re8 10.O-O e4 {#R} 0-1

[Event "It \"]
[Site "masterchessopen.com Madrid (Spain)"]
[Date "2006.09.21"]
[Round "4"]
[White "Rabadan Velasco Raul (ESP)"]
[Black "Almagro Llanas Pablo (ESP)"]
[Result "1-0"]
[WhiteElo "2233"]
[BlackElo "2404"]

1.d4 Nf6 2.c4 e6 3.Nf3 Bb4+ 4.Nbd2 d5 5.a3 Bxd2+ 6.Bxd2 Ne4 7.Bf4 O-O 8.e3 g5
9.Bg3 h5 10.h3 Nxg3 11.fxg3 Kg7 12.Qd2 f5 13.O-O-O g4 14.hxg4 hxg4 15.Ne5 Qg5
16.Nd3 Nd7 17.cxd5 exd5 18.Nf4 Nf6 19.Bd3 a5 20.e4 {#r} 1-0

[Event "Ch Vojvodina (team) (quality league)"]
[Site "masterchessopen.com Sremska Mitrovica (Serbia)"]
[Date "2006.09.25"]
[Round "6"]
[White "Cengija Vanja (CRO)"]
[Black "Sente Damir (SRB)"]
[Result "1-0"]
[WhiteElo "2330"]
[BlackElo "2031"]

1.d4 Nf6 2.c4 e6 3.Nf3 Bb4+ 4.Bd2 Qe7 5.Nc3 O-O 6.g3 Bxc3 7.Bxc3 Ne4 8.Rc1
Nxc3 9.Rxc3 b6 10.Bg2 Bb7 11.O-O d6 12.d5 e5 13.Re3 a5 14.Nd4 f5 15.f4 e4
16.g4 fxg4 17.Bxe4 Qf6 18.Ne6 Rc8 19.Qd3 h6 20.Bh7+ Kf7 21.Ng5+ {#r} 1-0

[Event "Ch Belgrade (team) (Premijer liga)"]
[Site "masterchessopen.com Belgrade (Yugoslavia)"]
[Date "2006.09.30"]
[Round "8"]
[White "Sekulic Dusan (SRB)"]
[Black "Jelic Goran (SRB)"]
[Result "1-0"]
[WhiteElo "2360"]
[BlackElo "2240"]

1.d4 Nf6 2.Nf3 e6 3.c4 Bb4+ 4.Nbd2 O-O 5.a3 Bxd2+ 6.Qxd2 b6 7.g3 Bb7 8.Bg2 c5
9.dxc5 bxc5 10.O-O d5 11.cxd5 exd5 12.Qc2 Nbd7 13.Rd1 Qb6 14.b4 Rfc8 15.Qf5
cxb4 16.Be3 Qa6 17.axb4 Qxe2 18.Nd4 Qg4 19.Bh3 Qxf5 20.Nxf5 Rc4 21.b5 Nb6
22.Nd6 Rc7 23.Bxb6 axb6 24.Nxb7 {#r} 1-0

[Event "Ch Croatia (team) (2nd league)"]
[Site "masterchessopen.com Croatia"]
[Date "2006.10.07"]
[Round "7"]
[White "Zulj Leon (CRO)"]
[Black "Babic Radoslav (CRO)"]
[Result "1-0"]
[WhiteElo "2189"]
[BlackElo "2012"]

1.d4 Nf6 2.Nf3 e6 3.c4 Bb4+ 4.Bd2 Bxd2+ 5.Qxd2 O-O 6.Nc3 d6 7.e4 Nc6 8.d5 Ne7
9.Be2 e5 10.O-O Bg4 11.Ne1 Bxe2 12.Qxe2 Ng6 13.Nd3 b6 14.b4 Nd7 15.c5 Nf4
16.Nxf4 exf4 17.cxd6 cxd6 18.Qg4 Ne5 19.Qxf4 Nd3 20.Qg3 Nxb4 21.Nb5 f5 22.Nd4
Qf6 23.Nxf5 Nxd5 24.Qb3 {#r} 1-0

[Event "Czech League 2006/07 (1st) (juniors)"]
[Site "masterchessopen.com Czech Republic"]
[Date "2006.10.07"]
[Round "1"]
[White "Zdenek Pavel"]
[Black "Sikora Likas"]
[Result "1-0"]
[WhiteElo "1326"]
[BlackElo "1503"]

1.d4 Nf6 2.c4 e6 3.Nf3 Bb4+ 4.Bd2 c5 5.e3 Nc6 6.Bd3 Qa5 7.Nc3 d5 8.cxd5 Nxd5
9.Nxd5 exd5 10.dxc5 Be6 11.a3 Bxd2+ 12.Qxd2 Qxd2+ 13.Kxd2 Na5 14.Nd4 Kd7 15.b4
Nc4+ 16.Bxc4 dxc4 17.Kc3 Rhd8 18.Rhd1 Ke7 19.Nb5 a6 20.Rxd8 Rxd8 21.Nd4 f6
22.a4 {#r} 1-0

[Event "It (open)"]
[Site "masterchessopen.com Omis (Croatia)"]
[Date "2006.10.08"]
[Round "7"]
[White "Urosevic Aleksandar (BIH)"]
[Black "Orak Ljubomir (CRO)"]
[Result "0-1"]
[WhiteElo "2285"]
[BlackElo "2298"]

1.d4 Nf6 2.Nf3 e6 3.c4 Bb4+ 4.Bd2 Qe7 5.e3 b6 6.Bd3 Bb7 7.O-O Bxd2 8.Nbxd2 d5
9.Rc1 dxc4 10.Nxc4 O-O 11.Nce5 Rc8 12.Bb5 c6 13.Ba4 Nfd7 14.Nd3 c5 15.dxc5 e5
16.e4 bxc5 17.Nd2 Ba6 18.Nc4 Bxc4 19.Rxc4 Nb6 20.Rc3 c4 21.Qc2 Na6 22.Rc1 h6
{#R} 0-1

[Event "It (open)"]
[Site "masterchessopen.com Montigny (France)"]
[Date "2006.11.05"]
[Round "9"]
[White "Kermadec Olivier (FRA)"]
[Black "Duval Dominique (FRA)"]
[Result "0-1"]
[WhiteElo "1723"]
[BlackElo "1846"]

1.d4 Nf6 2.Nf3 e6 3.c4 Bb4+ 4.Bd2 Qe7 5.a3 Bxd2+ 6.Nbxd2 O-O 7.e4 d6 8.Bd3 b6
9.O-O Bb7 10.Qc2 e5 11.d5 Nbd7 12.b4 a5 13.c5 bxc5 14.bxc5 Nxc5 15.Nb3 Nxd3
16.Qxd3 Ba6 17.Qc2 Bxf1 18.Rxf1 Rfb8 19.Qc3 Nxe4 20.Qc6 a4 21.Nc1 Nc5 {#R} 0-1

[Event "It (open)"]
[Site "masterchessopen.com Zurich (Switzerland)"]
[Round "1"]
[White "Jung Niklaus (SUI)"]
[Black "Gantner Matthias (SUI)"]
[Result "0-1"]
[WhiteElo "2080"]
[BlackElo "2094"]

1.d4 Nf6 2.c4 e6 3.Nf3 Bb4+ 4.Bd2 c5 5.Bxb4 cxb4 6.a3 Qb6 7.Nbd2 Nc6 8.e3 d6
9.Be2 O-O 10.O-O e5 11.axb4 exd4 12.Nxd4 Nxd4 13.exd4 Qxd4 14.Qc2 Bf5 15.Qxf5
Qxd2 16.Bf3 Qxb4 17.Qa5 Qxc4 18.Bxb7 Rab8 19.Qxa7 d5 20.Rad1 Qc7 {#R} 0-1

[Event "It (open)"]
[Site "masterchessopen.com Robecchetto (Italy)"]
[Date "2006.12.29"]
[Round "6"]
[White "Di-Chiara Mauro (ITA)"]
[Black "La-Torre Giovanni (ITA)"]
[Result "1-0"]
[WhiteElo "1668"]
[BlackElo "2082"]

1.d4 Nf6 2.Nf3 e6 3.c4 Bb4+ 4.Bd2 a5 5.Bxb4 axb4 6.Nbd2 b6 7.g3 Bb7 8.Bg2 d6
9.O-O O-O 10.Qc2 Nbd7 11.b3 Ra5 12.Rfe1 Qa8 13.e4 e5 14.d5 Nc5 15.Nh4 Bc8
16.f4 exf4 17.gxf4 Nh5 18.Rf1 Bg4 19.Bf3 Qc8 20.Nf5 Bxf3 21.Ne7+ {#r} 1-0

[Event "It (open) (b)"]
[Site "masterchessopen.com Zupanja (Croatia)"]
[Date "2007.01.05"]
[Round "3"]
[White "Kljako Damir (CRO)"]
[Black "Pasalic Enio (CRO)"]
[Result "1-0"]
[WhiteElo "2163"]
[BlackElo "2053"]

1.d4 Nf6 2.c4 e6 3.Nf3 Bb4+ 4.Bd2 Qe7 5.Nc3 Nc6 6.a3 Bxc3 7.Bxc3 Ne4 8.Qc2
Nxc3 9.Qxc3 d6 10.d5 Nb8 11.Qxg7 Rf8 12.Ng5 f6 13.Qxe7+ Kxe7 14.Nxe6 Bxe6
15.dxe6 Nc6 16.e3 Rg8 17.g3 Kxe6 18.Bg2 Rab8 19.Bd5+ {#r} 1-0

[Event "Ch Slovakia (team) 2006/07 (2 liga) (b)"]
[Site "masterchessopen.com Slovakia"]
[Date "2007.01.13"]
[Round "7"]
[White "Gyarmati Tichomir (SVK)"]
[Black "Petras Karol (SVK)"]
[Result "1-0"]
[WhiteElo "1987"]
[BlackElo "1918"]

1.d4 Nf6 2.Nf3 e6 3.c4 Bb4+ 4.Bd2 a5 5.Nc3 O-O 6.Qc2 d5 7.e3 Nbd7 8.Bd3 dxc4
9.Bxc4 b6 10.a3 Bxc3 11.Bxc3 Bb7 12.Bd3 h6 13.Rd1 Rc8 14.h4 Nd5 15.Rh3 f5
16.Rg3 Nxc3 17.Qxc3 Bxf3 18.gxf3 Nf6 19.Qb3 Nd5 20.e4 Nf4 21.exf5 Qxd4 22.fxe6
Rfd8 {#r} 1-0

[Event "Ch France (team) (nat.2) 2006/07"]
[Site "masterchessopen.com France"]
[Date "2007.01.20"]
[Round "5"]
[White "Lebreton Flavien (FRA)"]
[Black "Restout Bruce (FRA)"]
[Result "0-1"]
[WhiteElo "1898"]
[BlackElo "2026"]

1.d4 Nf6 2.c4 e6 3.Nf3 Bb4+ 4.Bd2 Qe7 5.Nc3 Nc6 6.a3 Bxc3 7.Bxc3 Ne4 8.d5 Nxc3
9.bxc3 Nb8 10.Nd4 d6 11.g3 O-O 12.e4 exd5 13.Bg2 dxe4 14.Qc2 Na6 15.O-O Nc5
16.Rae1 f5 17.f3 Bd7 18.fxe4 fxe4 19.Rxf8+ Rxf8 20.Bxe4 Nxe4 21.Rxe4 Bh3 {#R}
0-1

[Event "Ch Chess Club"]
[Site "masterchessopen.com Novosibirsk (Russia)"]
[Date "2007.01.25"]
[Round "9"]
[White "Karmanov Sergei (RUS)"]
[Black "Skornyakov Alexey (RUS)"]
[Result "1-0"]
[WhiteElo "2075"]
[BlackElo "1923"]

1.d4 e6 2.c4 Nf6 3.Nf3 Bb4+ 4.Bd2 a5 5.a3 Bxd2+ 6.Nbxd2 d5 7.e3 a4 8.b4 axb3
9.Qxb3 O-O 10.Bd3 dxc4 11.Nxc4 b6 12.Nce5 Bb7 13.O-O Nc6 14.Qc2 Na5 15.Ng5 g6
16.f4 Qd5 17.Rab1 Rac8 18.f5 exf5 19.Bxf5 gxf5 20.Rxf5 Kg7 21.Rbf1 Qxg2+
22.Qxg2 Bxg2 23.Kxg2 Nd5 24.R1f3 {#r} 1-0

[Event "It (open) (a)"]
[Site "masterchessopen.com Cannes (France)"]
[Date "2007.02.18"]
[Round "1"]
[White "Palac Mladen (CRO)"]
[Black "Muller Anne (FRA)"]
[Result "1-0"]
[WhiteElo "2567"]
[BlackElo "2117"]

1.d4 Nf6 2.c4 e6 3.Nf3 Bb4+ 4.Nbd2 O-O 5.a3 Bxd2+ 6.Bxd2 Ne4 7.Bf4 b6 8.e3 Bb7
9.Bd3 d6 10.O-O Nd7 11.Nd2 Nxd2 12.Qxd2 e5 13.Bg3 Qe7 14.Bf5 Rad8 15.Rfd1 Nf6
16.Bh4 d5 17.Qc2 dxc4 18.Qxc4 exd4 19.exd4 Rfe8 20.Rac1 Bd5 {#r} 1-0

[Event "Tournament (open)"]
[Site "masterchessopen.com Lisbon (Portugal)"]
[Date "2007.02.26"]
[Round "6"]
[White "Garcia Antonio Manuel Da Costa"]
[Black "Santos Rui Pedro Jorge (POR)"]
[Result "1-0"]
[WhiteElo "1982"]
[BlackElo "1715"]

1.d4 Nf6 2.c4 e6 3.Nf3 Bb4+ 4.Bd2 Qe7 5.a3 Bxd2+ 6.Qxd2 O-O 7.Nc3 b6 8.g3 d6
9.Bg2 Nbd7 10.Ne5 Nxe5 11.dxe5 Rb8 12.exf6 Qxf6 13.O-O Qg6 14.e4 f5 15.exf5
exf5 16.Nd5 Rf7 17.Rfe1 Be6 18.Nf4 {#r} 1-0

[Event "It (open)"]
[Site "masterchessopen.com La Laguna (Spain)"]
[Date "2007.03.07"]
[Round "3"]
[White "Perez Felipe Marcos Adrian (ESP)"]
[Black "Kurajica Bojan (CRO)"]
[Result "0-1"]
[WhiteElo "2198"]
[BlackElo "2554"]

1.d4 Nf6 2.c4 e6 3.Nf3 Bb4+ 4.Nbd2 d5 5.a3 Be7 6.e3 O-O 7.Bd3 c5 8.dxc5 a5
9.O-O Nbd7 10.Bc2 Nxc5 11.Qe2 a4 12.b4 axb3 13.Nxb3 b6 14.Nbd4 Ba6 15.Nb5 dxc4
16.Qxc4 Qe8 17.a4 Bxb5 {#R} 0-1

[Event "It (open)"]
[Site "masterchessopen.com Bad Woerishofen (Germany)"]
[Date "2007.03.15"]
[Round "8"]
[White "Shahin Walid (GER)"]
[Black "Roemhild Marcus (GER)"]
[Result "1-0"]
[WhiteElo "2087"]
[BlackElo "2172"]

1.d4 Nf6 2.c4 e6 3.Nf3 Bb4+ 4.Bd2 Qe7 5.g3 Ne4 6.Bg2 O-O 7.O-O a5 8.Bc1 a4
9.Qd3 d5 10.Nbd2 f5 11.Ne5 c6 12.Qc2 Bd6 13.Nd3 Nd7 14.f3 Nef6 15.e4 fxe4
16.fxe4 e5 17.exd5 cxd5 18.cxd5 exd4 19.Re1 Qf7 20.Nf3 Nxd5 21.Ng5 {#r} 1-0

[Event "Ch Emilia-Romagna"]
[Site "masterchessopen.com Formigine (Italy)"]
[Date "2007.04.28"]
[Round "2"]
[White "Fiorentini Paolo (ITA)"]
[Black "Ravazzini Luca"]
[Result "1-0"]
[WhiteElo "1984"]
[BlackElo "1644"]

1.d4 e6 2.c4 Nf6 3.Nf3 Bb4+ 4.Nbd2 Ne4 5.a3 Bxd2+ 6.Nxd2 Nxd2 7.Bxd2 O-O 8.e4
d5 9.Bb4 Re8 10.e5 a5 11.Bc3 f6 12.exf6 Qxf6 13.Bd3 Nc6 14.O-O Ne7 15.Bxh7+
Kh8 16.Qh5 {#r} 1-0

[Event "It (open) \"]
[Site "masterchessopen.com Berlin (Germany)"]
[Date "2007.05.17"]
[Round "2"]
[White "Schlittermann Wolfgang (GER)"]
[Black "Glantz Robert (GER)"]
[Result "0-1"]
[WhiteElo "1620"]
[BlackElo "2018"]

1.Nf3 Nf6 2.d4 e6 3.c4 Bb4+ 4.Bd2 Qe7 5.a3 Bxd2+ 6.Nbxd2 d6 7.e4 e5 8.dxe5
dxe5 9.Be2 O-O 10.Qc2 c5 11.O-O Nc6 12.Nb3 b6 13.Rfd1 Bb7 14.Bd3 Rfd8 15.Qe2
a5 16.Bc2 Ba6 17.Rxd8+ Rxd8 18.Nbd2 Nd4 19.Nxd4 Rxd4 20.b3 Bb7 21.f3 Nh5 22.g4
Qg5 23.f4 Nxf4 {#R} 0-1